000 nam a22 7a 4500
999 _c52368
_d52368
003 OSt
005 20220622100227.0
008 220622b xxu||||| |||| 00| 0 eng d
040 _cIIMT UNIVERSITY MEERUT
100 _aKAPOOR, J.K
245 _aMACHINE KA SIDDHANT
260 _bBHARAT BHARTI
300 _a372
942 _2ddc
_c09